Normal view
MARC view
Entry Personal Name
001 - CONTROL NUMBER
- control field: 68365
003 - CONTROL NUMBER IDENTIFIER
- control field: dpl
005 - DATE AND TIME OF LATEST TRANSACTION
- control field: 20240710124906.0
008 - FIXED-LENGTH DATA ELEMENTS
- fixed length control field: 240710|| aca||aabn | a|a d
040 ## - CATALOGING SOURCE
- Original cataloging agency: dpl
- Transcribing agency: dpl
100 ## - HEADING--PERSONAL NAME
- Personal name: कुमार, सुरेश
670 ## - SOURCE DATA FOUND
- Source citation: Work cat.: (dpl)204057: कुमार, सुरेश, भारत भारतीयता भारतीय नायक/, 2000
